000 01084naa a22002897a 4500
001 BR7326344
003 BR-BrBNA
005 20240918173544.0
007 ta
008 230509b bl.||||| |||| 00| 0 por d
040 _aBR-BrBNA
_bpor
_cBiblioteca Nacional de Agricultura
041 _a(Pt)
072 _aH60
_b1910
_b3876
090 _aH60 BR7326344
100 1 _aLins, R.G.
111 1 _a1. Seminario Brasileiro de Herbicidas e Ervas Daninhas
_cItaguai, RJ (Brazil)
_d4 Jul 1956
245 1 _aControle de Solanum paniculatum L., Jurubeba, em pastagens pelo emprego de herbicida seletivo
260 3 _aItaguai, RJ (Brasil):
_c1956.
500 _aAnais do 1. Seminario Brasileiro de Herbicidas e Ervas Daninhas Itaguai, RJ (Brasil): 1956. p. 17-20 (BR7326344-AM)H60
650 _aERVA DANINHA
650 _aPASTAGEM
650 _aHERBICIDA
650 _aCONTROLE QUIMICO
773 0 _tAnais do 1. Seminario Brasileiro de Herbicidas e Ervas Daninhas
_wH60 BR7326344
_gItaguai, RJ (Brasil), 1956. p. 17-20
909 _a202404
_bLucia
_c55
_dLucia Elande
942 _cAM
_2AGRIS
999 _c305362
_d305362